| 000 | 00643nam a22001817a 4500 | ||
|---|---|---|---|
| 005 | 20251108172832.0 | ||
| 008 | 250721s2009 xx 000 0 ara d | ||
| 082 | 1 | 4 | _a641.38/عيا |
| 100 | 1 |
_aأبو عيانة، رمزي عبد الرحيم _eمؤلف |
|
| 245 | 1 | 0 | _aمنتجات نحل العسل غذاء ودواءإشراقات في منتجات نحل العسل واستخداماتها الطبية / |
| 264 | 1 |
_aمصر : _bإبداع للإعلام، _c2009. |
|
| 300 | _a232ص. | ||
| 650 | 1 | 7 | _aالعسل |
| 650 | 1 | 7 | _aالطب الشعبي |
| 700 | 1 | _aعلي المزين، جمال | |
| 942 |
_2ddc _cBK |
||
| 999 |
_c89660 _d89660 |
||